| 000 | 00563nam a2200229Ia 4500 | ||
|---|---|---|---|
| 003 | 0100 | ||
| 008 | 130303s9999 xx 000 0 und d | ||
| 020 | _a0395611571 | ||
| 040 | _cARRUPELIB | ||
| 050 | _aBF698.8.R45R57 1992 | ||
| 100 | _aRiso , Richard Don | ||
| 245 | _aDiscovering your personality type | ||
| 245 | _bthe enneagram questionnaire | ||
| 260 | _aNew York | ||
| 260 | _bHoughton Mifflin Co. | ||
| 260 | _C1992 | ||
| 300 | _aviii | ||
| 300 | _b 118p. 21cm. | ||
| 650 | _aPSYCHOLOGY | ||
| 650 | _bSemantics(Philosophy) | ||
| 942 | 0 | 0 | _04 |
| 999 |
_c13947 _d13947 |
||